Propiedad horizontal

Bibliographic Details
Main Author: Chavarro Cadena, Jorge Enrique
Other Authors: Cortes Guzman, Guillermo
Format: eBook
Language:Spanish
Published: Bogot:̀ Grupo Editorial Nueva Legislacin̤, 2018
Edition:Primera edicin̤
Subjects:
Online Access:Acceso restringido

MARC

LEADER 00000nam a22000007a 4500
005 20180720215416.0
007 cr|||| ||||
008 180720s2018 co |||||s|||| 00||0 spa d
020 |a 978-958-56479-1-6 
035 |a 21890 
040 |a vLex 
090 |c 8072  |d 8072 
100 1 |a Chavarro Cadena, Jorge Enrique 
245 1 0 |a Propiedad horizontal  |h [Recurso electrn̤ico] /  |c Jorge Enrique Chavarro Cadena, Guillermo Cortes Guzman 
250 |a Primera edicin̤ 
256 |a Servicio en ln̕ea 
260 |a Bogot:̀  |b Grupo Editorial Nueva Legislacin̤,  |c 2018 
300 |a 1 recurso electrn̤ico 
506 1 |a Disponible solo en los productos indicados  |d vLex Global  |d vLex Global (Academic Edition, excluding Law Schools)  |d vLex Global (U.S. Academic Edition, Law Schools)  |d vLex Global (U.S. Academic Edition, excluding Law Schools)  |d vLex Global (Academic Edition, Law Schools) 
650 0 4 |a Derecho Civil  |z Colombia 
700 1 |a Cortes Guzman, Guillermo 
740 0 |a vLex Libros (Servicio en ln̕ea) 
856 4 0 |u http://vlex.com/source/propiedad-horizontal-primera-edicion-21890  |z Acceso restringido 
942 |c BOOK 
999 0 |a Civil Law